Návrh postupov štatutárneho audítora v oblasti daní diplomová práca

Enregistré dans:
Détails bibliographiques
Auteur principal: Daňová, Nina
Collectivité auteur: Fakulta hospodárskej informatiky EU. Katedra účtovníctva a audítorstva
Autres auteurs: Užík, Ján, 1969-
Format: Livre
Langue:slovaque
Publié: Bratislava 2025
Tags: Ajouter un tag
Pas de tags, Soyez le premier à ajouter un tag!

MARC

LEADER 00000nbm a2200000 4500
001 0310424
005 20251208131052.3
041 0 |a slo 
044 |a SK 
245 1 0 |a Návrh postupov štatutárneho audítora v oblasti daní  |b diplomová práca  |c Nina Daňová ; školiteľ: Ján Užík 
264 1 |a Bratislava  |c 2025 
300 |a 62 s. 
100 1 |a Daňová, Nina 
700 1 |a Užík, Ján, 1969- 
710 2 |a Fakulta hospodárskej informatiky EU. Katedra účtovníctva a audítorstva